Detalles MARC
| 000 -CABECERA |
| fixed length control field |
01397Cam#a22002895a#4500 |
| 003 - CONTROL NUMBER IDENTIFIER |
| control field |
AR-BeUNQ |
| 005 - FECHA Y HORA DE LA ULTIMA TRANSACCION |
| control field |
20220224182242.0 |
| 008 - ELEMENTOS DE LONGITUD FIJA-INFORMACION GENERAL |
| fixed length control field |
151020s2014||||ag # |#||||f000|p#spa#d |
| 020 ## - NUMERO INTERNACIONAL NORMALIZADO PARA LIBROS |
| Número Internacional Normalizado del libro |
9789507318023 |
| 040 ## - FUENTE DE CATALOGACION |
| Agencia de catalogación original |
AR-BeUNQ |
| Convenciones de la descripción |
aacr |
| 082 04 - NUMERO DE CLASIFICACION DECIMAL DEWEYMBER |
| Número de clasificación |
Ar861 |
| Número de la edición |
21 |
| 100 1# - ASIENTO PRINCIPAL-NOMBRE PERSONAL |
| Nombre personal |
Gelman, Juan |
| Fecha asociada al nombre |
1930-2014 |
| 9 (RLIN) |
639 |
| 245 02 - MENCION DE TITULO |
| Título |
Poesía reunida. |
| Mención de responsabilidad, etc |
Juan Gelman. |
| Número de la parte/sección de la obra |
Tomo I (1956-1980) / |
| 250 ## - MENCION DE EDICION |
| Mención de edición |
1a. ed. |
| 260 ## - PUBLICACION, DISTRIBUCION, ETC. |
| Lugar de publicación, distribución, etc. |
Buenos Aires : |
| Nombre del editor, distribuidor, etc. |
Seix Barral, |
| Fecha de publicación, distribución, etc |
2014. |
| 300 ## - DESCRIPCION FISICA |
| Extensión |
779 p. ; |
| Dimensiones |
23 cm. |
| 490 1# - MENCION DE SERIE |
| Mención de serie |
Colección Juan Gelman ; |
| 500 ## - NOTA GENERAL |
| Nota general |
Edición especial para el Ministerio de Educación. |
| 500 ## - NOTA GENERAL |
| Nota general |
Originalmente publicado en la serie: Biblioteca breve. |
| 505 0# - NOTA DE CONTENIDO |
| Nota de contenido con formato preestablecido |
Violín y otras cuestiones (1949-1956) -- El juego en que andamos (1957-1958) -- Velorio del solo (1959-1961) -- Gotán (1962) -- Traducciones III. Los poemas de Sidney West (1968-1969) -- Cólera buey (1962-1968) -- Fábulas (1970-1971) -- Relaciones (1971-1973) -- Hechos (1974-1978) -- Notas (1979) -- Carta abierta (1980) -- Si dulcemente (1980) -- Comentarios (1978-1979) -- Citas (1979) -- Hacia el sur (1981-1982) -- Bajo la lluvia ajena (1980) |
| 650 #7 - ASIENTO SECUNDARIO DE MATERIA - TERMINO TEMATICO |
| Término temático o nombre geográfico como elemento de entrada |
Literatura (Arte) |
| Fuente del encabezamiento o términ |
spines |
| 650 #7 - ASIENTO SECUNDARIO DE MATERIA - TERMINO TEMATICO |
| Término temático o nombre geográfico como elemento de entrada |
Literatura argentina |
| Fuente del encabezamiento o términ |
tell |
| 650 #7 - ASIENTO SECUNDARIO DE MATERIA - TERMINO TEMATICO |
| Término temático o nombre geográfico como elemento de entrada |
Poesía |
| Fuente del encabezamiento o términ |
tell |
| 830 #0 - ASIENTO SECUNDARIO DE SERIE--TITULO UNIFORME |
| Título uniforme |
Colección Juan Gelman. ; |
| Designación numérica/secuencial del volumen |
14 |
| 929 ## - DATOS DE ADQUISICION |
| Procedencia |
DONACION |
| Proveedor |
Ministerio de Educación |
| Precio |
360,00E |
| Fecha de recibido |
20151006 |
| Patrimonio UNQ |
PAT0059844 |
| Número de Pase u otro número de Donación |
2912 |
| Número de inventario |
53810 |
| 942 ## - ELEMENTOS DE PUNTO DE ACCESO ADICIONAL (KOHA) |
| Tipo de ítem Koha |
Libros |
| Suppress in OPAC |
0 |